| 000 | 00739cab a2200253 4500 | ||
|---|---|---|---|
| 001 | ABS39770 | ||
| 008 | 090401t1988 xxu||||| |||| 00| 0 eng d | ||
| 035 | _a(Sirsi) u18887 | ||
| 041 | _aeng | ||
| 100 | _aByrnes, A. | ||
| 245 | _aMarketing time for an upturn | ||
| 260 | _c1988 | ||
| 350 | _a0 | ||
| 490 |
_aWorld Property _v2(7) September 1988, 48-51(4) |
||
| 520 | _aAn examination of the New Zealand property market, which has seen a down turn since October 1987 with a lack of foreign investment in the commercial property market. | ||
| 650 | _aAUCKLAND | ||
| 650 | _aAUSTRALIA | ||
| 650 | _aJONES LANG WOOTTON | ||
| 650 | _aCBRE | ||
| 650 | _aWELLINGTON | ||
| 690 | _aOVERSEAS | ||
| 942 | _n0 | ||
| 948 | _c04/03/1997 | ||
| 999 |
_c12563 _d12563 |
||